000 02185cam a22004814i 4500
003 PE-LiUPU
005 20250731173240.0
008 150625s r 000 0 d
035 _a(Sirsi) a35277
040 _aPE-LiUPU
_bspa
_cPE-LiUPU
_erda
082 0 4 _a268.602
_bI35
_221
110 2 _aAsociación General de la IASD
245 1 0 _aManual de la escuela sabatica /
_cAsociación General de la IASD.
264 1 _a
336 _atext
_2rdacontent
337 _aunmediated
_2rdamedia
338 _avolume
_2rdacarrier
526 _aSEG42
526 _aSEG41
526 _aSEG40
526 _aSEG39
526 _aP94
526 _aP87
526 _aP86
526 _aP85
526 _aP77
526 _aP76
526 _aP35
942 _2ddc
_cBOOK
949 _a268.602 I35
_wDEWEY
_c1
_i13800
_lCCODEBUL1
_mBUL
_p00.00
_r0
_sY
_tBOOK
_u2015-06-25
_xBIBLIOTECA
_zUNKNOWN
_0COMPRA
_o.STAFF. Colección General
949 _a268.602 I35
_wDEWEY
_c2
_i14856
_lCCODEBUL1
_mBUL
_p00.00
_r0
_sY
_tBOOK
_u2015-06-25
_xBIBLIOTECA
_zUNKNOWN
_0COMPRA
_o.STAFF. Colección General
949 _a268.602 I35
_wDEWEY
_c3
_i14855
_lCCODEBUL1
_mBUL
_p00.00
_r0
_sY
_tBOOK
_u2015-06-25
_xBIBLIOTECA
_zUNKNOWN
_0COMPRA
_o.STAFF. Colección General
949 _a268.602 I35
_wDEWEY
_c4
_i14854
_lCCODEBUL1
_mBUL
_p00.00
_r0
_sY
_tBOOK
_u2015-06-25
_xBIBLIOTECA
_zUNKNOWN
_0COMPRA
_o.STAFF. Colección General
596 _a1
999 _a268.602 I35
_wDEWEY
_c43223
_i13800
_lLOST
_mBUL
_r1
_sY
_tBOOK
_u2015-6-25
_xBIBLIOTECA
_zUNKNOWN
_0COMPRA
_o.STAFF. Colección General
_d43223
999 _a268.602 I35
_wDEWEY
_c2
_i14856
_d2018-10-9
_e2018-10-5
_f2019-12-11
_g5
_lDISCARD
_mBUL
_n1
_q1
_r1
_sY
_tBOOK
_u2015-6-25
_xTEOLOGIA
_zUNKNOWN
_0COMPRA
_o.STAFF. Colección General
999 _a268.602 I35
_wDEWEY
_c3
_i14855
_d2018-10-2
_e2018-9-26
_f2021-11-10
_g6
_lCCODEBUL1
_mBUL
_n1
_r0
_sY
_tBOOK
_u2015-6-25
_xTEOLOGIA
_zUNKNOWN
_0COMPRA
_o.STAFF. Colección General
999 _a268.602 I35
_wDEWEY
_c4
_i14854
_d2018-6-4
_f2019-12-11
_g4
_lDISCARD
_mBUL
_q2
_r1
_sY
_tBOOK
_u2015-6-25
_xTEOLOGIA
_zUNKNOWN
_0COMPRA
_o.STAFF. Colección General
980 _81
_gALBERTO SANCHEZ Responsable de Automatización